Dr. Seuss' how the Grinch stole Christmas (Record no. 189)

MARC details
000 -LEADER
fixed length control field 03153cgm a2200589Ia 4500
003 - CONTROL NUMBER IDENTIFIER
control field data
005 - DATE AND TIME OF LATEST TRANSACTION
control field 20260322212010.0
007 - PHYSICAL DESCRIPTION FIXED FIELD--GENERAL INFORMATION
fixed length control field data
008 - FIXED-LENGTH DATA ELEMENTS--GENERAL INFORMATION
fixed length control field data
020 ## - INTERNATIONAL STANDARD BOOK NUMBER
International Standard Book Number 078325833X
020 ## - INTERNATIONAL STANDARD BOOK NUMBER
International Standard Book Number 9780783258331
024 1# - OTHER STANDARD IDENTIFIER
Standard number or code 025192067723
028 42 - PUBLISHER OR DISTRIBUTOR NUMBER
Publisher or distributor number 20677
Source Universal
037 ## - SOURCE OF ACQUISITION
Source of stock number/acquisition Midwest Tapes
Note http://midwesttapes.com
040 ## - CATALOGING SOURCE
Original cataloging agency JED
Transcribing agency JED
Modifying agency BNO
-- JED
-- RCS
-- BTCTA
-- EHH
-- OCLCQ
-- WAU
-- JED
-- OCLCA
-- BNO
041 1# - LANGUAGE CODE
Language code of text/sound track or separate title fre
-- fre
Language code of original eng
Language code of accompanying material other than librettos and transcripts eng
050 14 - LIBRARY OF CONGRESS CALL NUMBER
Classification number PN1997
Item number .H69 2001
099 ## - LOCAL FREE-TEXT CALL NUMBER (OCLC)
Classification number DVD 752
001 - CONTROL NUMBER
control field data
130 0# - MAIN ENTRY--UNIFORM TITLE
Uniform title How the Grinch stole Christmas (Motion picture : 2000)
245 10 - TITLE STATEMENT
Title Dr. Seuss' how the Grinch stole Christmas
Medium [DVD] /
Statement of responsibility, etc. Jeffrey Price ... [et al.].
250 ## - EDITION STATEMENT
Edition statement Collector's ed.; widescreen.
260 ## - PUBLICATION, DISTRIBUTION, ETC.
Place of publication, distribution, etc. Universal City, Calif. :
Name of publisher, distributor, etc. Universal,
Date of publication, distribution, etc. [2001]
300 ## - PHYSICAL DESCRIPTION
Extent 1 videodisc (105 min.) :
Other physical details sd., col. ;
Dimensions 4 3/4 in.
500 ## - GENERAL NOTE
General note Based on the book by Dr. Seuss.
500 ## - GENERAL NOTE
General note Special features include deleted scenes, outtakes, spotlight on location, Max's Playhouse, music video.
500 ## - GENERAL NOTE
General note Closed captioned for the hearing impaired.
505 0# - FORMATTED CONTENTS NOTE
Formatted contents note Special features: Anamorphic widescreen (1.85:1) -- The Grinch: Spotlight on location ; deleted scenes ; outtakes ; Who school ; Makeup application and design ; Seussian set decroation ; Visual effects ; Faith Hill "Where are you Christmas?" music viceo ; Wholiday recipes ; By the numbers ; Theatrical trailer ; The Grinch's special offer ; Production notes ; Cast and filmmakers ; Grinch game ; DVS (descriptive video service) -- Max's Playhouse: Sing-along songs ; Read-along "The care and feeding of a Grinch" ; Dress the Grinch ; Rhyme time -- Language: English 5.1 surround ; English DTS 5.1 surround ; French 5.1 surround -- Captioned: English -- DVD-ROM features.
508 ## - CREATION/PRODUCTION CREDITS NOTE
Creation/production credits note Director of photography, Donald Peterman ; editors, Daniel P. Hanley, Mike Hill ; music composed by James Horner ; narrator, Anthony Hopkins.
511 1# - PARTICIPANT OR PERFORMER NOTE
Participant or performer note Jim Carrey, Jeffrey Tambor, Christine Baranski, Molly Shannon, Taylor Momsen, Bill Irwin, Clint Howard.
520 ## - SUMMARY, ETC.
Summary, etc. Why is the Grinch such a grouch? No one seems to know, until little Cindy Lou Who takes matters into her own hands and turns both Whoville and the Grinch's world upside down, inside out, and funny side up in her search for the true meaning of Christmas.
521 8# - TARGET AUDIENCE NOTE
Target audience note MPAA rating: PG.
538 ## - SYSTEM DETAILS NOTE
System details note DVD, NTSC: Region 1 encoding, Dolby stereo, surround.
546 ## - LANGUAGE NOTE
Language note English or French dialogue, optional English or French subtitles.
650 #0 - SUBJECT ADDED ENTRY--TOPICAL TERM
Topical term or geographic name entry element Grinch (Fictitious character)
Form subdivision Drama.
700 1# - ADDED ENTRY--PERSONAL NAME
Personal name Price, Jeffrey.
700 1# - ADDED ENTRY--PERSONAL NAME
Personal name Seaman, Peter S.
700 1# - ADDED ENTRY--PERSONAL NAME
Personal name Grazer, Brian,
Dates associated with a name 1953-
700 1# - ADDED ENTRY--PERSONAL NAME
Personal name Howard, Ron,
Dates associated with a name 1954-
700 1# - ADDED ENTRY--PERSONAL NAME
Personal name Carrey, Jim,
Dates associated with a name 1962-
700 1# - ADDED ENTRY--PERSONAL NAME
Personal name Tambor, Jeffrey,
Dates associated with a name 1944-
700 1# - ADDED ENTRY--PERSONAL NAME
Personal name Baranski, Christine.
700 1# - ADDED ENTRY--PERSONAL NAME
Personal name Shannon, Molly,
Dates associated with a name 1964-
700 1# - ADDED ENTRY--PERSONAL NAME
Personal name Momsen, Taylor.
700 1# - ADDED ENTRY--PERSONAL NAME
Personal name Irwin, Bill,
Dates associated with a name 1950-
700 1# - ADDED ENTRY--PERSONAL NAME
Personal name Howard, Clint,
Dates associated with a name 1959-
700 1# - ADDED ENTRY--PERSONAL NAME
Personal name Hopkins, Anthony,
Dates associated with a name 1937-
700 1# - ADDED ENTRY--PERSONAL NAME
Personal name Horner, James.
700 1# - ADDED ENTRY--PERSONAL NAME
Personal name Seuss,
Titles and other words associated with a name Dr.
Title of a work How the Grinch stole Christmas.
710 2# - ADDED ENTRY--CORPORATE NAME
Corporate name or jurisdiction name as entry element Universal Pictures (Firm)
710 2# - ADDED ENTRY--CORPORATE NAME
Corporate name or jurisdiction name as entry element Imagine Entertainment (Firm)
Holdings
Withdrawn status Lost status Damaged status Not for loan Home library Current library Shelving location Date acquired Total checkouts Full call number Barcode Date last seen Price effective from Koha item type
        Franklin Franklin General stacks 22/03/2026   PN1997 .H69 2001 BC0010196 22/03/2026 22/03/2026 Books